000 01165cad a22002175a 4500
001 L159675
008 120809e20170805xxk f 000 0 eng d
035 _a(Sirsi) u159675
041 0 _aeng
110 2 _aArcadis
_96166
245 0 0 _aInternational construction costs 2017
_bcost certainty in an uncertain world
_h[electronic resource]
260 _a[S.l.]
_bArcadis
_c2017
505 _aForeword -- City cost comparison -- Global construction market trends -- Regional construction market trends -- Conclusion -- Methodology -- Further reading -- Contact details
520 _aDetails the relative cost of construction in 44 of the world?s major cities. The regional spotlights in the report identify some of the ways the changing costs have impacted these cities, and shares insights about how cost certainty through digitally enabled techniques can help this.
590 _aKA
650 2 4 _aCONSTRUCTION COSTS
651 4 _aInternational
690 _aConstruction management
_96230
856 4 8 _uhttps://www.arcadis.com/media/3/6/8/%7B368131AD-E31B-4552-821B-1F66DC62F805%7DICC%202017_FINAL_singles.pdf
_zView the report at www.arcadis.com
942 _n0
999 _c116086
_d116086